| 000 | 00775nam a2200253 a 4500 | ||
|---|---|---|---|
| 001 | 49373 | ||
| 003 | BD-RJUL | ||
| 005 | 20211209054654.0 | ||
| 008 | 160820r19711964enk 001 0 eng u | ||
| 020 |
_a0710046634 _c: GBP 1.00 (Routledge Paperback) |
||
| 035 | _a(BD-RjUL)49492 | ||
| 040 |
_aAKR _dm.c _dBD-RjUL _beng _cBD-RjUL |
||
| 041 | _aeng | ||
| 082 |
_223 _a361.32 _bTIS 1971 |
||
| 100 | 1 |
_aTimms, Noel _9148225 |
|
| 245 | 1 | 0 |
_aSocial casework : _bprinciples and practice / _cby Noel Timms. |
| 260 |
_aLondon : _bRoutledge & Kegan Paul, _cc1964 [Repriented 1971] |
||
| 300 |
_avii, 248 p. ; _c23 cm. |
||
| 490 | _aRoutledge paperback | ||
| 500 | _aIncludes index | ||
| 650 | 0 |
_aSocial case work. _9124044 |
|
| 830 |
_aRoutledge paperback _9222776 |
||
| 942 |
_2ddc _cBK |
||
| 999 |
_c49373 _d49373 |
||